Statistics for Name all Muslim countries

Click here to take the quiz!

General Stats

  • This quiz has been taken 34 times
  • The average score is 16 of 27

Answer Stats

Answer% Correct
saudi arabia
91%
afghanistan
85%
iran
82%
iraq
82%
pakistan
79%
oman
76%
algeria
74%
egypt
74%
yemen
74%
morocco
71%
qatar
71%
kuwait
68%
libya
68%
uae
68%
tunisia
65%
jordan
62%
bangladesh
59%
bahrain
56%
somalia
56%
malaysia
53%
brunei
41%
mauritania
38%
maldives
35%
palestine
32%
comoros
24%
dijibouti
0%
sahrawi republic
0%

Score Distribution

Percentile by Number Answered

Percent of People with Each Score

Your Score History

You have not taken this quiz